Biblioteki Polonii Amerykańskiej
Biblioteka Instytutu Józefa Piłsudskiego w Ameryce
Library of the Józef Piłsudski Institute of America
Biblioteka imienia Alfreda Jurzykowskiego Polskiego Instytutu Naukowego w Ameryce
The Alfred Jurzykowski Memorial Library of the Polish Institute of Arts & Sciences of America
Biblioteka Marjanczyków Polskiej Fundacji Kulturalnej
The Marjanczyk Library of the Polish Cultural Foundation

Biblioteka Fundacji Kościuszkowskiej
Library of the Kosciuszko Foundation

Kresowi sarmaci / (Record no. 91084)

MARC details
000 -LEADER
fixed length control field 01930nam a2200613 i 4500
001 - CONTROL NUMBER
control field 991049129769705066
003 - CONTROL NUMBER IDENTIFIER
control field NyNyJPI
005 - DATE AND TIME OF LATEST TRANSACTION
control field 20260408203003.0
008 - FIXED-LENGTH DATA ELEMENTS--GENERAL INFORMATION
fixed length control field 160629s2015 pl |000 0cpol
009 - PHYSICAL DESCRIPTION FIXED-FIELD FOR ARCHIVAL COLLECTION (VM) [OBSOLETE]
fixed length control field b0000005246834
015 ## - NATIONAL BIBLIOGRAPHY NUMBER
National bibliography number UWD 2016/21263
020 ## - INTERNATIONAL STANDARD BOOK NUMBER
International Standard Book Number 9788380790100
035 ## - SYSTEM CONTROL NUMBER
System control number 991049129769705066
035 ## - SYSTEM CONTROL NUMBER
System control number (PL-WaBN)b52468343-48omnis_nlop
035 ## - SYSTEM CONTROL NUMBER
System control number b52468343
035 ## - SYSTEM CONTROL NUMBER
System control number (OCoLC)932221278
035 ## - SYSTEM CONTROL NUMBER
System control number (PL)b0000005246834
035 ## - SYSTEM CONTROL NUMBER
System control number (EXLNZ-48OMNIS_NETWORK)9910519258105606
040 ## - CATALOGING SOURCE
Original cataloging agency WA N
Transcribing agency WA N
Modifying agency KOSZ W
-- KR 295
-- KIEL W
046 ## - SPECIAL CODED DATES
Beginning or single date created 2015
080 ## - UNIVERSAL DECIMAL CLASSIFICATION NUMBER
Field link and sequence number 1.1\x
Universal Decimal Classification number 323.3-058.12(438)
080 ## - UNIVERSAL DECIMAL CLASSIFICATION NUMBER
Field link and sequence number 1.2\x
Universal Decimal Classification number 929-052(438)"17"
080 ## - UNIVERSAL DECIMAL CLASSIFICATION NUMBER
Field link and sequence number 1.3\x
Universal Decimal Classification number 929-052(438)"18"
080 ## - UNIVERSAL DECIMAL CLASSIFICATION NUMBER
Field link and sequence number 1.4\x
Universal Decimal Classification number 929-052(438)"19"
080 ## - UNIVERSAL DECIMAL CLASSIFICATION NUMBER
Field link and sequence number 1.5
Universal Decimal Classification number 94(438)
084 ## - OTHER CLASSIFICATION NUMBER
Classification number 10
100 1# - MAIN ENTRY--PERSONAL NAME
Personal name Puchalska, Joanna
Dates associated with a name (1960- )
Relator term Autor
245 10 - TITLE STATEMENT
Title Kresowi sarmaci /
Statement of responsibility, etc. Joanna Puchalska.
260 ## - PUBLICATION, DISTRIBUTION, ETC.
Place of publication, distribution, etc. Warszawa :
Name of publisher, distributor, etc. Fronda PL,
Date of publication, distribution, etc. copyright 2015.
300 ## - PHYSICAL DESCRIPTION
Extent 392 strony :
Other physical details ilustracje ;
Dimensions 24 cm.
336 ## - CONTENT TYPE
Content type term Tekst
Content type code txt
Source rdacontent
337 ## - MEDIA TYPE
Media type term Bez urządzenia pośredniczącego
Media type code n
Source rdamedia
338 ## - CARRIER TYPE
Carrier type term Wolumin
Carrier type code nc
Source rdacarrier
380 ## - FORM OF WORK
Form of work Książki
380 ## - FORM OF WORK
Form of work Literatura faktu, eseje, publicystyka
388 ## - TIME PERIOD OF CREATION
Time period of creation term 2001-
504 ## - BIBLIOGRAPHY, ETC. NOTE
Bibliography, etc. note Bibliografia na stronach 385-392.
648 #7 - SUBJECT ADDED ENTRY--CHRONOLOGICAL TERM
Chronological term 1701-1800
Source of heading or term DBN
648 #7 - SUBJECT ADDED ENTRY--CHRONOLOGICAL TERM
Chronological term 1801-1900
Source of heading or term DBN
648 #7 - SUBJECT ADDED ENTRY--CHRONOLOGICAL TERM
Chronological term 1901-2000
Source of heading or term DBN
648 #7 - SUBJECT ADDED ENTRY--CHRONOLOGICAL TERM
Chronological term 2001-
Source of heading or term DBN
650 #7 - SUBJECT ADDED ENTRY--TOPICAL TERM
Topical term or geographic name entry element Sarmatyzm
Source of heading or term DBN
650 #7 - SUBJECT ADDED ENTRY--TOPICAL TERM
Topical term or geographic name entry element Szlachta
Source of heading or term DBN
650 #0 - SUBJECT ADDED ENTRY--TOPICAL TERM
Topical term or geographic name entry element Nobility
Geographic subdivision Poland
Form subdivision Biography
650 #0 - SUBJECT ADDED ENTRY--TOPICAL TERM
Topical term or geographic name entry element Nobility
Geographic subdivision Former Polish Eastern Territories
Form subdivision Biography.
651 #7 - SUBJECT ADDED ENTRY--GEOGRAPHIC NAME
Geographic name Kresy wschodnie Rzeczypospolitej
Source of heading or term DBN
651 #7 - SUBJECT ADDED ENTRY--GEOGRAPHIC NAME
Geographic name Polska
Source of heading or term DBN
651 #0 - SUBJECT ADDED ENTRY--GEOGRAPHIC NAME
Geographic name Former Polish Eastern Territories
General subdivision Social life and customs.
655 #7 - INDEX TERM--GENRE/FORM
Genre/form data or focus term Biografia
Source of term DBN
658 ## - INDEX TERM--CURRICULUM OBJECTIVE
Main curriculum objective Historia
658 ## - INDEX TERM--CURRICULUM OBJECTIVE
Main curriculum objective Socjologia i społeczeństwo
710 2# - ADDED ENTRY--CORPORATE NAME
Corporate name or jurisdiction name as entry element Fronda PL (wydawnictwo)
Relator term Wydawca
Relationship pbl
942 ## - ADDED ENTRY ELEMENTS (KOHA)
Source of classification or shelving scheme Other/Generic Classification Scheme
Koha item type Books
Suppress in OPAC No
Holdings
Withdrawn status Lost status Source of classification or shelving scheme Damaged status Not for loan Home library Current library Date acquired Total checkouts Full call number Date last seen Price effective from Koha item type
    Other/Generic Classification Scheme   Not for loan Józef Piłsudski Institute Józef Piłsudski Institute 04/08/2026   K 1821 04/08/2026 04/08/2026 Books